| 000 | 00586nam a2200241Ia 4500 | ||
|---|---|---|---|
| 003 | OSt | ||
| 005 | 20220924145610.0 | ||
| 006 | a|||||r|||| 00| 0 | ||
| 007 | ta | ||
| 008 | 220923b |||||||| |||| 00| 0 tel d | ||
| 020 | _c20.00 | ||
| 024 | _a329506 | ||
| 037 | _cTextual | ||
| 040 |
_aARTS _cARTS _btel |
||
| 041 |
_2tel _atel |
||
| 082 | _aO13,2D80:g, 35N2 | ||
| 100 |
_aYuripidis _9220144 |
||
| 245 | 0 | _aModia greek | |
| 260 | _c1992 | ||
| 650 | _aGREEK LITERATURE | ||
| 942 |
_hO13,2D80:g, 35N2 _cTEXL _2CC |
||
| 999 |
_c460607 _d460607 |
||